Geography by Numbers: Starting Letters Quiz Stats

 Plays Quiz Updated Sep 28, 2016

Challenge
Share
Tweet
Embed
Score 0/55 Timer 05:00
7 Plays Today
Hint Answer % Correct
ZZimbabwe
86.4%
DDenmark
86.2%
OOman
85.2%
IIndia
82.5%
ZZambia
81.3%
UUnited Kingdom
80.5%
PPeru
78.7%
UUnited States
77.8%
UUruguay
77.8%
LLithuania
77.6%
VVenezuela
77.6%
LLatvia
77.2%
IIndonesia
75.7%
JJapan
75.1%
PPoland
74.8%
PPanama
74.1%
PPortugal
73.7%
PParaguay
73.1%
LLaos
72.9%
UUzbekistan
72.2%
IIreland
72%
IIceland
72%
IIran
71.3%
IIraq
71.1%
KKazakhstan
71%
JJamaica
70.7%
PPakistan
70.2%
KKenya
69%
Hint Answer % Correct
UUganda
68.9%
VVanuatu
67.2%
JJordan
66.1%
PPalau
66%
VVatican City
65.7%
LLuxembourg
65%
IItaly
65%
UUnited Arab Emirates
64.3%
DDjibouti
63.4%
LLibya
63.2%
LLiechtenstein
62.6%
KKyrgyzstan
61.7%
VVietnam
60.9%
LLiberia
60.6%
IIsrael
60.3%
LLesotho
58.6%
UUkraine
55.7%
KKiribati
55.5%
DDominica
55.4%
PPhilippines
54.9%
DDominican Republic
54.1%
KKosovo
54%
LLebanon
53.8%
PPapua New Guinea
53.1%
PPalestine
51.4%
KKuwait
49.5%
DDemocratic Republic of the Congo
47.6%

You're not logged in!

Compare scores with friends on all Sporcle quizzes.
OR
Log In

You Might Also Like...

Show Comments

Extras

Top Quizzes Today


Score Distribution

Your Account Isn't Verified!

In order to create a playlist on Sporcle, you need to verify the email address you used during registration. Go to your Sporcle Settings to finish the process.

Report this User

Report this user for behavior that violates our Community Guidelines.

Details: